000 00874cam a2200229 a 4500
001 11978367
005 20250530114302.0
008 000418s1999 ilu b 001 0 eng
020 _a0802477402
050 0 0 _aBV4211.2
_b.P55 1999
082 0 0 _a251
_221
100 1 _aVines, Jerry.
245 1 0 _aPower in the pulpit :
_bhow to prepare and deliver expository sermons /
_cJerry Vines and Jim Shaddix.
260 _aChicago :
_bMoody Press,
_cc1999.
300 _a391 p. ;
_c24 cm.
650 0 _aPreaching.
700 1 _aShaddix, Jim.
856 4 2 _3Publisher description
_uhttp://www.loc.gov/catdir/enhancements/fy0611/00687767-d.html
856 4 2 _3Contributor biographical information
_uhttp://www.loc.gov/catdir/enhancements/fy0658/00687767-b.html
856 4 1 _3Table of contents only
_uhttp://www.loc.gov/catdir/enhancements/fy1210/00687767-t.html
942 _2lcc
_cBK
_n0
999 _c6059
_d6059